000 005460000a22001810004500
003 MACL
005 20160510131414.0
008 160510b xxu||||| |||| 00| 0 eng d
040 _aMACL
_cMACL
041 _aHindi
082 _a891.431 MAY
100 _aमायाराम
_950513
245 _aसरस्‍व्‍ती वंदना शतक
_cमायाराम
260 _bज्ञान गंगा
_c2003
_aनई दिल्‍ली
350 _a150
650 _aPoetry
_955905
942 _cHIN
_k891.431/MAY/P
_2ddc
999 _c9470
_d9470